[Event "Mindelo op"]
[Site "Mindelo"]
[Date "2022.04.22"]
[Round "1"]
[White "Soares, Carlos Manuel Santo"]
[Black "L'Ami, Alina"]
[Result "0-1"]
[WhiteElo "1489"]
[BlackElo "2287"]
[PlyCount "96"]
[EventDate "2022.04.22"]
[EventType "swiss"]
[EventRounds "9"]
[EventCountry "KAP"]
[SourceTitle "CBM 208 Extra"]
[Source "ChessBase"]
[SourceDate "2022.07.31"]
[SourceVersion "1"]
[SourceVersionDate "2022.07.31"]
[SourceQuality "1"]

1. e4 c5 2. Nf3 d6 3. d4 cxd4 4. Nxd4 Nf6 5. Nc3 a6 6. Be2 e5 7. Nf3 Be7 8. 0-0 0-0 9. Bg5 Nbd7 10. h3 b5 11. a3 Bb7 12. Nd2 Re8 13. Re1 Rc8 14. Bf1 Qc7 15. Nf3 h6 16. Bh4 Nb6 17. Qd2 Red8 18. Rad1 Nc4 19. Bxc4 Qxc4 20. Qe3 b4 21. Nd2 Qc5 22. Qxc5 dxc5 23. Na4 bxa3 24. bxa3 Rd4 25. Nb6 Rcd8 26. Nbc4 g5 27. Bg3 Nxe4 28. Bxe5 R4d7 29. Re2 f6 30. Bb2 Kf7 31. Rde1 Rxd2 32. Nxd2 Rxd2 33. Rxd2 Nxd2 34. Bc1 Nc4 35. Rd1 Bc6 36. Rd3 Bb5 37. Rd1 Ba4 38. Rd3 Ne5 39. Rc3 c4 40. Kf1 Bd8 41. f4 Ba5 42. Rg3 Ng6 43. fxg5 hxg5 44. c3 Bc2 45. Rf3 Ne5 46. Rf2 Bd3+ 47. Ke1 Bxc3+ 48. Bd2 Bd4 0-1